LEADER 00821nas a2200217 i 4500 001 000000180946 003 CaOOAMICUS 005 20100503000000.0 008 090729b2009 it uu u0 0mul r 013 $a158707 040 $aSeMil$bita 245 10$a2009 : [1]. 260 $aPisa ;$aRoma :$bFabrizio Serra,$ccopyr. 2009. 300 $a274 p. :$btabelle ;$c25 cm. 773 0 $tIus Ecclesiae.$dRoma : Centro Accademico della Santa Croce, 1989.$x1120-6462$w()2385 774 0 $t[vedi periodico].$w()271549 850 $aSeMil 852 $aSeMil$W1$xVenegono$y1$m245 3 51$j131694$B131694$CSeMilBibl$Z2$F151359 $85 961 $aAbbonamento: Accademia Editoriale 996 $6245$a2009 : [1]$9(OLS)http://semarc/title/258635 996 $6260$aPisa ;$aRoma :$bFabrizio Serra$9(OLS)http://semarc/publisher/34314 LEADER 01078nam a2200241 i 4500 001 000000075987 003 CaOOAMICUS 005 20110727000000.0 008 110727s1849 it u000 u ita u 013 $a47159 040 $aSeMil$bita 100 1 $aAlighieri, Dante,$d<1265-1321>.$0(OLS)http://semarc/name/453 245 13$aLa Divina Commedia /$cdi Dante Alighieri ; coi comenti di Paolo Costa e Brunone Bianchi. 250 $a3. ed. con nuove giunte e correzioni. 260 $aFirenze :$bF. Le Monnier,$c1849. 300 $aXXXVI, 793 p. ;$c19 cm. 650 4$aAlighieri, Dante <1265-1321> . Divina Commedia - Opere anteriori al 1900.$0(OLS)http://semarc/subject/107 700 1 $aBianchi, Brunone <1803-1869>.$0(OLS)http://semarc/name/37148 700 1 $aCosta, Paolo,$d<1771-1836>.$0(OLS)http://semarc/name/11804 850 $aSeMil 852 $aSeMil$W1$xVenegono$y1$m1H IV 18 FA$j42139$B42139$CSeMilBibl$Z2$F42143 $8I 996 $6245$aLa Divina Commedia$9(OLS)http://semarc/title/45395 996 $6260$aFirenze :$bF. Le Monnier$9(OLS)http://semarc/publisher/30243